000 01049nam a2200241Ia 4500
999 _c38059
_d38059
001 4045
003 GE_BSU
005 20190930121533.0
008 181216s1990||||ge |||||||||||||| ||geo||
040 _cGE_BSU
041 _ageo
080 _a504+574+327 ც–78
100 _aციციაშვილი, აბონ
_94385
245 _aგარემო ჩვენი არსობისა :
_bეკოლოგია და საერთაშორისო ურთიერთობის ზოგიერთი ასპექტი.
_cრედ. ა. შონია.
264 _aბათუმი :
_bსაბჭ. აჭარა,
_c1990.
300 _a234 გვ. ;
_b21 სმ.
520 _aრეზ. რუს. და ინგლ.
653 _aეკოლოგია
653 _aსაერთაშორისო ურთიერთობები
653 _aბუნების დაცვა
700 _aშონია, ა.
_eრედაქტორი
_92035
942 _cBK
_2udc